CERRO ZAMARICOTE (Registro nro. 20433)

Detalles MARC
000 -CABECERA
Campo de control 00544nam a22002057a 4500
005 - FECHA Y HORA DE LA ULTIMA TRANSACCION
Campo de control 20190228103815.0
008 - ELEMENTOS DE LONGITUD FIJA—INFORMACION GENERAL
Campo de control 190228b xxu||||| |||| 00| 0 spa d
020 ## - ISBN
ISBN 958-33-1902-3
040 ## - FUENTE DE CATALOGACIÓN
Agencia catalogadora original CO-BoIAVH
Agencia transcriptora CO-BoIAVH
041 ## - IDIOMA
Código de idioma para texto/pista de sonido o título separado Español
044 ## - PAÍS DE PUBLICACIÓN
País de publicación Colombia
090 ## - CLASIFICACIÓN LOCAL
Colección FG
Consecutivo 0329
100 ## - ASIENTO PRINCIPAL--NOMBRE PERSONAL
Nombre personal Henrry Patiño Rios
9 (RLIN) 101554
110 ## - ASIENTO PRINCIPAL--NOMBRE CORPORATIVO
Nombre corporativo o de jurisdicción como elemento de entrada
9 (RLIN) 101557
245 ## - MENCION DE TITULO
Título CERRO ZAMARICOTE
260 ## - PUBLICACION, DISTRIBUCION, ETC. (PIE DE IMPRENTA)
Lugar de publicación, distribución, etc. Colombia:
Nombre del editor, distribuidor, etc. GRUPO ECOLÓGICO MASTRANTO,
Fecha de publicación, distribución, etc. 2000.
300 ## - DESCRIPCION FISICA
Extensión FOLLETO
Dimensiones 21-27cm
700 ## - ASIENTO SECUNDARIO - NOMBRE PERSONAL
Nombre personal Luis Alberto Ossa Patiño
9 (RLIN) 101556
942 ## - ELEMENTOS ADICIONALES (KOHA)
Sistema de clasificación Local
Tipo de ítem Folleto
Existencias
Withdrawn status Lost status Sistema de Clasificación Damaged status No para préstamo Colección Ubicación Permanente Ubicación actual Fecha de adquisición Total Checkouts Número topográfico Inventario / Código de Barras Date last seen Ejemplar Price effective from Forma de adquisición Tipo de material
    Local     Hemeroteca Bogotá Bogotá 28/02/2019   FG-0329 030435 28/02/2019 Ej. 1 28/02/2019 Donación Folleto